|
|
|
|
| LEADER |
01276nam a2200337 a 4500 |
| 001 |
28051 |
| 003 |
BD-DhAAL |
| 005 |
20150208125847.0 |
| 008 |
140618s2006 enk b 001 0 eng |
| 010 |
|
|
|a 2006002810
|
| 020 |
|
|
|a 9780521840217 (alk. paper)
|
| 020 |
|
|
|a 0521549493 (alk. paper)
|
| 020 |
|
|
|a 9780521549493 (alk. paper)
|
| 020 |
|
|
|a 052184021X (alk. paper)
|
| 040 |
|
|
|a DLC
|c DLC
|d DLC
|d BD-DhAAL
|
| 041 |
|
|
|a eng
|
| 042 |
|
|
|a pcc
|
| 050 |
0 |
0 |
|a P53.4
|b .C394 2006
|
| 082 |
0 |
0 |
|a 418.00285
|2 22
|
| 100 |
1 |
|
|a Chapelle, Carol.
|9 5087
|
| 245 |
1 |
0 |
|a Assessing language through computer technology /
|c Carol A. Chapelle and Dan Douglas.
|
| 260 |
|
|
|a Cambridge, [England] : New York :
|b Cambridge University Press,
|c 2006.
|
| 300 |
|
|
|a xiii, 138 p. ;
|c 23 cm.
|
| 490 |
0 |
|
|a The Cambridge language assessment series
|
| 504 |
|
|
|a Includes bibliographical references (p. 118-129) and indexes.
|
| 541 |
|
|
|e 28051
|
| 650 |
|
0 |
|a Language and languages
|x Ability testing
|x Data processing.
|9 5088
|
| 700 |
1 |
|
|a Douglas, Dan.
|9 5089
|
| 942 |
|
|
|2 ddc
|c BK
|
| 999 |
|
|
|c 14448
|d 14448
|
| 952 |
|
|
|0 0
|1 0
|2 ddc
|4 0
|6 418_002850000000000_CHA
|7 0
|9 24485
|a BRACUL
|b BRACUL
|c GEN
|d 2014-06-18
|e Trim Education
|g 4050.00
|l 3
|m 45
|o 418.00285 CHA
|p 3010028051
|r 2019-04-24
|s 2018-09-23
|t 1
|w 2014-06-18
|y BK
|